000 00494nam a2200157Ia 4500
008 210716s2008 xx 000 0 und d
020 _a9780749452605
041 _aeng
082 _a005.8 CALA
100 _aCalder, Alan; Watkins, Steve.
245 _aInternational IT governance: an executive guide to ISO 17799/ISO 27001.
_bExecutive guide to ISO 17799/ISO 27001.
250 _a1
260 _aNew Delhi
_bKogan Page
_c2008
300 _ax,366
650 _aInformation Storage & Retrieval
999 _c207773
_d207773